01261nam a2200313Ia 4500001001200000003000800012006001900020007001500039008004100054020001800095020001500113040002100128035002000149050002900169082001400198100002100212245017500233260005200408300002700460504004900487533015200536650002300688650002500711655002900736700002200765710001700787856012600804999001700930ebr10077271CaPaEBRm u cr cn|||||||||050516s2005 maua sb 001 0 eng d z9780080489728 z1597490059 aCaPaEBRcCaPaEBR a(OCoLC)8414590714aQA76.76.P76bF678 2005eb04a005.82221 aFoster, James C.10aSockets, shellcode, porting & codingh[electronic resource] :breverse engineering exploits and tool coding for security professionals /cJames C. Foster with Mike Price. aRockland, Mass. :bSyngress Publishing,cc2005. axxviii, 667 p. :bill. aIncludes bibliographic references and index. aElectronic reproduction.bPalo Alto, Calif. :cebrary,d2009.nAvailable via World Wide Web.nAccess may be limited to ebrary affiliated libraries. 0aComputer security. 0aReverse engineering. 7aElectronic books.2local1 aPrice, Mike.4aut2 aebrary, Inc.40uhttp://site.ebrary.com/lib/rucke/Doc?id=10077271zAn electronic book accessible through the World Wide Web; click to view c73302d73302